[Event "Championnat de France - Open A"]
[Site "Pau"]
[Date "2008.08.12"]
[Round "1.28"]
[White "Armand, Jerome"]
[Black "Le Hetet, Nicolas"]
[Result "1/2-1/2"]
[WhiteElo "2020"]
[BlackElo "2123"]
[PlyCount "88"]

1. e4 c5 2. Nf3 Nc6 3. c4 g6 4. Nc3 Bg7 5. d3 e6 6. Bf4 d6 7. Nb5 e5 8. Bg5 f6
9. Be3 Nge7 10. Be2 O-O 11. h4 h6 12. Qd2 Kh7 13. g4 f5 14. gxf5 gxf5 15. exf5
Nxf5 16. O-O-O Ncd4 17. Nc3 Nxe2+ 18. Qxe2 Nd4 19. Bxd4 cxd4 20. Nd5 Bg4 21.
Qe4+ Bf5 22. Qe2 b5 23. Rdg1 bxc4 24. Rxg7+ Kxg7 25. Rg1+ Kh7 26. Ng5+ hxg5 27.
Qh5+ Kg7 28. Rxg5+ Qxg5+ 29. Qxg5+ Kh8 30. Nf6 Bh7 31. dxc4 Rf7 32. Qh6 Rc8 33.
Kd2 d5 34. cxd5 Rc2+ 35. Kd1 Rxf2 36. Nxh7 Rxh7 37. Qg5 Rg7 38. Qxe5 Kh7 39.
Qh5+ Kg8 40. Qe8+ Kh7 41. Qe4+ Kg8 42. Ke1 Rxb2 43. Qxd4 Rgg2 44. Kf1 Rgd2
1/2-1/2

[Event "Championnat de France - Open A"]
[Site "Pau"]
[Date "2008.08.12"]
[Round "1.29"]
[White "Ferry, Roger"]
[Black "Cartigny, Patrick"]
[Result "1-0"]
[WhiteElo "2120"]
[BlackElo "2020"]
[PlyCount "63"]

1. d4 c5 2. dxc5 e6 3. Be3 Na6 4. Nd2 Bxc5 5. Bxc5 Nxc5 6. e4 d5 7. exd5 Qxd5
8. Ngf3 Nf6 9. Bc4 Qh5 10. b4 Ncd7 11. O-O O-O 12. Qe2 Nb6 13. a3 Bd7 14. Bb3
Bc6 15. c4 Rfd8 16. Rfe1 Rac8 17. Rad1 Qg4 18. Qf1 Ne4 19. Ne5 Nxd2 20. Rxd2
Qg5 21. f4 Qe7 22. Rxd8+ Qxd8 23. Rd1 Qe7 24. Nxc6 Rxc6 25. Qd3 g6 26. Qd8+
Qxd8 27. Rxd8+ Kg7 28. c5 Rc8 29. Rd6 Na8 30. Rd3 Nc7 31. Ba4 b6 32. Bc6 1-0

[Event "Championnat de France - Open A"]
[Site "Pau"]
[Date "2008.08.12"]
[Round "1.30"]
[White "Robert, Bastien"]
[Black "Blachon, Pascal"]
[Result "1-0"]
[WhiteElo "2018"]
[BlackElo "2118"]
[PlyCount "71"]
[EventDate "2008.??.??"]

1. d4 Nf6 2. c4 g6 3. Nc3 Bg7 4. e4 d6 5. f3 O-O 6. Bg5 c5 7. d5 Nbd7 8. Qd2 a6
9. Nh3 Ne5 10. Nf2 h5 11. Bh6 e6 12. Bxg7 Kxg7 13. Be2 exd5 14. cxd5 b5 15. O-O
Re8 16. Ncd1 Ra7 17. Ne3 Rae7 18. a4 Qb6 19. axb5 axb5 20. Qa5 Rb7 21. Qxb6
Rxb6 22. Ra5 Bd7 23. Rfa1 g5 24. h3 Reb8 25. Nh1 h4 26. Nf2 Nh5 27. Nfg4 Nf4
28. Kf2 Ned3+ 29. Bxd3 Nxd3+ 30. Ke2 Nxb2 31. Ra7 Bc8 32. Rc7 Nc4 33. Raa7 Bxg4
34. Rxf7+ Kh8 35. Rh7+ Kg8 36. Nxg4 1-0

[Event "Championnat de France - Open A"]
[Site "Pau"]
[Date "2008.08.12"]
[Round "1.31"]
[White "Ralle, Pierre"]
[Black "Lewertowski, Gabriel"]
[Result "1-0"]
[WhiteElo "2113"]
[BlackElo "2017"]
[PlyCount "95"]

1. e4 Nf6 2. Nc3 e5 3. Bc4 Nc6 4. d3 Na5 5. Nf3 Nxc4 6. dxc4 Bb4 7. Qd3 O-O 8.
O-O Bxc3 9. Qxc3 d6 10. Re1 Nh5 11. Bg5 f6 12. Bh4 Qe8 13. c5 f5 14. exf5 Bxf5
15. Rad1 Qg6 16. Bg3 Bg4 17. Nh4 Qf6 18. Qc4+ Be6 19. Qe2 Nf4 20. Bxf4 Qxf4 21.
Nf3 Rad8 22. cxd6 cxd6 23. Qe3 Qb4 24. Ng5 Bf7 25. Nxf7 Rxf7 26. b3 Rdf8 27. f3
Qa3 28. c4 Rf6 29. Re2 Qa6 30. Red2 Rc8 31. h3 Re6 32. Kh2 Rf6 33. Re2 Re6 34.
Rd5 b5 35. Rxb5 Rce8 36. Qd3 Qc8 37. Rd5 Qd7 38. c5 Qf7 39. cxd6 Rg6 40. Re4
Qf5 41. d7 Rd8 42. Qc4 Qf7 43. Rdxe5 Qxc4 44. Re8+ Kf7 45. R4e7+ Kf6 46. bxc4
Rg5 47. f4 Rc5 48. Rxg7 1-0

[Event "Championnat de France - Open A"]
[Site "Pau"]
[Date "2008.08.13"]
[Round "1.32"]
[White "Vaillant, Stephane"]
[Black "Grandadam, Nicolas"]
[Result "0-1"]
[WhiteElo "2016"]
[BlackElo "2112"]
[PlyCount "60"]

1. d4 d5 2. Nf3 e6 3. c4 c6 4. Nc3 dxc4 5. e3 b5 6. a4 Bb4 7. Bd2 a5 8. axb5
Bxc3 9. Bxc3 cxb5 10. b3 Bb7 11. bxc4 b4 12. Bb2 Nf6 13. Bd3 Nbd7 14. Qc2 Qc7
15. e4 e5 16. dxe5 Ng4 17. e6 fxe6 18. Bxg7 Rg8 19. Bb2 Nge5 20. Nxe5 Nxe5 21.
Bxe5 Qxe5 22. O-O O-O-O 23. Rfd1 Rxg2+ 24. Kxg2 Rxd3 25. Qxd3 Bxe4+ 26. Qxe4
Qxe4+ 27. Kg3 b3 28. Rxa5 b2 29. Rb5 Qxc4 30. Re5 Qc3+ 0-1

[Event "Championnat de France - Open A"]
[Site "Pau"]
[Date "2008.08.13"]
[Round "1.33"]
[White "Velten, Paul"]
[Black "Castro, John"]
[Result "1-0"]
[WhiteElo "2112"]
[BlackElo "2014"]
[PlyCount "51"]

1. d4 Nf6 2. Nf3 g6 3. Bg5 Ne4 4. Bh4 Bg7 5. Nbd2 d5 6. e3 Bg4 7. Be2 Bxf3 8.
Bxf3 f5 9. Bxe4 dxe4 10. f3 exf3 11. Qxf3 c6 12. O-O-O O-O 13. Nb3 Qd5 14.
Qxd5+ cxd5 15. Nc5 Nc6 16. Nxb7 Rac8 17. Nc5 Bh6 18. Rhe1 e5 19. Nd7 exd4 20.
Nxf8 Kxf8 21. Kb1 Bxe3 22. c3 Kf7 23. cxd4 Bxd4 24. Bg5 Rb8 25. Re2 Rb5 26. Rc2
1-0

[Event "Championnat de France - Open A"]
[Site "Pau"]
[Date "2008.08.12"]
[Round "1.34"]
[White "Le Montagner, Yoann"]
[Black "Beghin, Ronan"]
[Result "1/2-1/2"]
[WhiteElo "2014"]
[BlackElo "2110"]
[PlyCount "82"]

1. e4 e5 2. Nf3 Nc6 3. d4 exd4 4. Bc4 Nf6 5. O-O Nxe4 6. Re1 d5 7. Bxd5 Qxd5 8.
Nc3 Qa5 9. Nxd4 Nxd4 10. Qxd4 Be6 11. Qxe4 O-O-O 12. Bf4 Bd6 13. Bxd6 Rxd6 14.
Rad1 Rxd1 15. Rxd1 c6 16. b4 Qg5 17. h4 Qg4 18. Qe3 b6 19. Rd4 Qh5 20. Qe4 Bd7
21. Qe7 Qf5 22. Ne4 Qe6 23. Qxf7 Qxf7 24. Nd6+ Kc7 25. Nxf7 Re8 26. Ng5 Re1+
27. Kh2 h6 28. Re4 Ra1 29. Ne6+ Kd6 30. Nxg7 Rxa2 31. Re2 Rb2 32. f4 Rxb4 33.
Kg3 Rb5 34. Ne8+ Bxe8 35. Rxe8 a5 36. Rh8 a4 37. Rxh6+ Kd7 38. Rh7+ Ke8 39. Rh6
Kd7 40. Rh7+ Ke8 41. Rh6 Kd7 1/2-1/2

[Event "Championnat de France - Open A"]
[Site "Pau"]
[Date "2008.08.12"]
[Round "1.35"]
[White "Chamaillard, Sylvain"]
[Black "Zaninetti, Laurent"]
[Result "1-0"]
[WhiteElo "2109"]
[BlackElo "2013"]
[PlyCount "70"]

1. d4 d5 2. Nf3 c6 3. e3 Nf6 4. Nbd2 Bf5 5. Ne5 h6 6. Bd3 Bxd3 7. cxd3 e6 8.
O-O g5 9. f4 gxf4 10. Rxf4 Nbd7 11. Ndf3 Rh7 12. b3 Bd6 13. Bb2 Qb6 14. Qe2
O-O-O 15. Rf1 Rf8 16. Ne1 Qd8 17. Qf3 Be7 18. Bc3 h5 19. Nc2 Nxe5 20. dxe5 Nd7
21. Qh3 Nc5 22. Rd1 Rg8 23. b4 Na4 24. Ba1 Rhg7 25. Rd2 h4 26. Rxf7 Rg6 27. Nd4
Kb8 28. Nxe6 Qe8 29. Rf4 Qc8 30. Rf6 Bxf6 31. exf6 Re8 32. Nf4 Qxh3 33. Nxh3
Kc8 34. Nf4 Rg4 35. Ne6 Rxb4 1-0

[Event "Championnat de France - Open A"]
[Site "Pau"]
[Date "2008.08.12"]
[Round "1.36"]
[White "Moucheroud, Jeremy"]
[Black "Garrel, Alain"]
[Result "1-0"]
[WhiteElo "2012"]
[BlackElo "2107"]
[PlyCount "75"]

1. e4 d5 2. exd5 Qxd5 3. Nc3 Qd6 4. d4 Nf6 5. Nf3 a6 6. Be2 Bg4 7. h3 Bh5 8.
Be3 Nc6 9. Qd2 O-O-O 10. O-O-O e6 11. g4 Bg6 12. Nh4 Nb4 13. Nxg6 hxg6 14. Bf3
Nfd5 15. Ne4 Qb6 16. a3 Na2+ 17. Kb1 Bxa3 18. c4 Nxe3 19. fxe3 f5 20. gxf5 gxf5
21. Nf2 Bb4 22. Qc2 Nc3+ 23. bxc3 Bxc3+ 24. Kc1 Bb4 25. Rd3 f4 26. Rb3 a5 27.
c5 Qb5 28. Nd3 fxe3 29. Nxb4 axb4 30. c6 Rxd4 31. cxb7+ Kb8 32. Qa2 Rc4+ 33.
Kb1 Qf5+ 34. Ka1 Qe5+ 35. Rb2 c6 36. Qxc4 Rd8 37. Qa6 Kc7 38. Qxc6+ 1-0

[Event "Championnat de France - Open A"]
[Site "Pau"]
[Date "2008.08.12"]
[Round "1.37"]
[White "Couche, Jean-Francois"]
[Black "Allorant, Adrien"]
[Result "0-1"]
[WhiteElo "2105"]
[BlackElo "2011"]
[PlyCount "96"]

1. Nf3 c5 2. c4 Nf6 3. Nc3 Nc6 4. d4 cxd4 5. Nxd4 e5 6. Nc2 Bc5 7. g3 O-O 8.
Bg2 Re8 9. O-O h6 10. Ne3 d6 11. Ned5 Bf5 12. e3 a5 13. b3 e4 14. Bb2 Nb4 15.
Nxb4 axb4 16. Nd5 Nxd5 17. Qxd5 Qc8 18. Rfd1 Ra7 19. h3 Bd7 20. g4 Bc6 21. Qh5
Re6 22. Rd2 b5 23. cxb5 Bxb5 24. Bf1 Bxf1 25. Kxf1 Qa8 26. Qd5 Re8 27. Bc1 Qxd5
28. Rxd5 Rea8 29. Rd2 g6 30. Kg2 f5 31. gxf5 gxf5 32. Kg3 Kf7 33. Kg2 Ke6 34.
Rc2 Ra5 35. Bd2 Ra3 36. Rc4 Rxa2 37. Rxa2 Rxa2 38. Bxb4 Bxe3 39. Be1 Bxf2 40.
Bxf2 e3 41. Kf3 exf2 42. Kg2 Ke5 43. Rh4 d5 44. Rxh6 d4 45. Rc6 d3 46. Rc1 Ke4
47. h4 Ke3 48. Kf1 Rc2 0-1

[Event "Championnat de France - Open A"]
[Site "Pau"]
[Date "2008.08.12"]
[Round "1.38"]
[White "Csomos, Romain"]
[Black "Vuillermoz, Robert"]
[Result "0-1"]
[WhiteElo "2011"]
[BlackElo "2105"]
[PlyCount "92"]

1. d4 Nf6 2. Nf3 d5 3. Bf4 e6 4. h3 c5 5. e3 Qb6 6. b3 Nc6 7. c3 Bd7 8. Nbd2
Bd6 9. Bd3 O-O 10. Ne5 Rfc8 11. O-O Be8 12. Nxc6 bxc6 13. Qe2 cxd4 14. cxd4 c5
15. dxc5 Bxc5 16. Be5 Nd7 17. Bb2 e5 18. Rac1 Bb4 19. Nb1 Nc5 20. Bxe5 Nxd3 21.
Qxd3 Bb5 22. Qf5 Qe6 23. Qxe6 fxe6 24. Rfd1 Be2 25. Rxc8+ Rxc8 26. Rd4 Rc1+ 27.
Kh2 Be1 28. Nd2 Rc2 29. Nf3 Bxf3 30. gxf3 Bc3 31. a4 Rb2 32. Rxd5 exd5 33. Bxc3
Rxb3 34. Bd4 a5 35. Bc5 Rb2 36. Kg3 Ra2 37. Kf4 Rxa4+ 38. Ke5 Ra2 39. e4 dxe4
40. fxe4 a4 41. Ke6 Rc2 42. Kd6 Rxf2 43. e5 Rf3 44. Kd7 a3 45. e6 a2 46. e7 Re3
0-1

[Event "Championnat de France - Open A"]
[Site "Pau"]
[Date "2008.08.12"]
[Round "1.39"]
[White "Gozzoli, Cyrille"]
[Black "Zeller, Olivier"]
[Result "1-0"]
[WhiteElo "2104"]
[BlackElo "2011"]
[PlyCount "81"]

1. d4 Nf6 2. Nf3 g6 3. c4 Bg7 4. Nc3 O-O 5. Bg5 d6 6. e3 Nbd7 7. Be2 c6 8. O-O
d5 9. b4 Ne4 10. Nxe4 dxe4 11. Nd2 h6 12. Bh4 g5 13. Bg3 f5 14. f3 f4 15. Bf2
exf3 16. Bxf3 e5 17. exf4 exf4 18. d5 Ne5 19. Be4 g4 20. Qb3 Qg5 21. Rad1 g3
22. hxg3 fxg3 23. Qxg3 Ng4 24. Nf3 Qf4 25. Qxf4 Rxf4 26. Rfe1 Bc3 27. Re2 Nxf2
28. Kxf2 Bxb4 29. dxc6 bxc6 30. Bxc6 Rb8 31. Rd8+ Kg7 32. Ree8 Bc5+ 33. Kg3
Rg4+ 34. Kh3 Bf5 35. Rxb8 Rxc4+ 36. Kh2 Bd6+ 37. Ne5 Rxc6 38. Rb7+ Kf6 39. Rf7+
Kg5 40. Rg8+ Kf4 41. Nxc6 1-0

[Event "Championnat de France - Open A"]
[Site "Pau"]
[Date "2008.08.12"]
[Round "1.40"]
[White "Beaucoudray, Marc"]
[Black "Lachique, Francois"]
[Result "0-1"]
[WhiteElo "2010"]
[BlackElo "2104"]
[PlyCount "44"]
[EventDate "2008.??.??"]

1. e4 e5 2. Nf3 Nc6 3. Bc4 Bc5 4. c3 Nf6 5. d3 d6 6. Nbd2 a6 7. b4 Ba7 8. O-O
O-O 9. h3 Be6 10. Re1 Re8 11. a4 Ne7 12. Bxe6 fxe6 13. Nb3 Ng6 14. d4 exd4 15.
cxd4 d5 16. e5 Ne4 17. Nbd2 Nxd2 18. Bxd2 c6 19. Qc1 Nh4 20. Nxh4 Qxh4 21. Bf4
Bxd4 22. Bg3 Qxg3 0-1

[Event "Championnat de France - Open A"]
[Site "Pau"]
[Date "2008.08.12"]
[Round "1.41"]
[White "Frih, Ameur"]
[Black "Baudon, Sebastien"]
[Result "1-0"]
[WhiteElo "2103"]
[BlackElo "2009"]
[PlyCount "107"]

1. d4 Nf6 2. c4 e6 3. Nc3 Bb4 4. e3 O-O 5. Nge2 b6 6. a3 Bxc3+ 7. Nxc3 Bb7 8.
Bd3 d6 9. O-O Qe7 10. e4 e5 11. d5 h6 12. Be3 Nbd7 13. Qe2 Rfc8 14. f3 Nf8 15.
b4 c5 16. bxc5 bxc5 17. Rfb1 Ng6 18. g3 Kh8 19. Ra2 Rg8 20. Rab2 Ba6 21. Qc2
Qd7 22. Qa4 Qxa4 23. Nxa4 Nd7 24. Bd2 Rgc8 25. Ba5 Kg8 26. h4 Kf8 27. Nc3 Ke7
28. Nd1 Ngf8 29. Ne3 g6 30. h5 Nf6 31. hxg6 fxg6 32. Bc2 N8d7 33. Ba4 Rab8 34.
Bb5 Bxb5 35. Rxb5 Rxb5 36. Rxb5 Rb8 37. Bc7 Rxb5 38. cxb5 Nb6 39. Bxb6 axb6 40.
Nc4 Nd7 41. g4 h5 42. g5 Nf8 43. Nxb6 Nh7 44. a4 Nxg5 45. Kf2 Kd8 46. a5 Kc7
47. Nc4 Nf7 48. a6 g5 49. b6+ Kb8 50. Na5 Nd8 51. Nc6+ Nxc6 52. dxc6 c4 53. a7+
Ka8 54. c7 1-0

[Event "Championnat de France - Open A"]
[Site "Pau"]
[Date "2008.08.12"]
[Round "1.42"]
[White "Samoun, Florent"]
[Black "Lamberti, Hugo"]
[Result "1/2-1/2"]
[WhiteElo "2006"]
[BlackElo "2101"]
[PlyCount "84"]
[EventDate "2008.??.??"]

1. e4 e6 2. d4 d5 3. Nd2 dxe4 4. Nxe4 Nd7 5. Nf3 Ngf6 6. Bg5 Be7 7. Nxf6+ Nxf6
8. Bd3 O-O 9. O-O b6 10. Bxf6 Bxf6 11. Be4 Rb8 12. Ne5 Bxe5 13. dxe5 Ba6 14.
Re1 Qxd1 15. Raxd1 Rfd8 16. f3 Kf8 17. Kf2 Ke7 18. c3 Bc4 19. Rd4 Bd5 20. Bxd5
Rxd5 21. Rh4 h6 22. Rg4 g6 23. Rh4 h5 24. Rd4 c5 25. Rxd5 exd5 26. g4 Ke6 27.
Kg3 a5 28. h4 b5 29. Kf4 b4 30. Kg5 hxg4 31. fxg4 bxc3 32. bxc3 Rb2 33. h5 gxh5
34. gxh5 Rxa2 35. Rh1 Kxe5 36. Re1+ Kd6 37. Rh1 d4 38. h6 Rg2+ 39. Kf6 Rg8 40.
Kxf7 Ra8 41. cxd4 cxd4 42. h7 Kd5 1/2-1/2

[Event "Championnat de France - Open A"]
[Site "Pau"]
[Date "2008.08.12"]
[Round "1.43"]
[White "Ruffenach, Alain"]
[Black "Fernandez, Laura"]
[Result "1/2-1/2"]
[WhiteElo "2100"]
[BlackElo "2003"]
[PlyCount "95"]

1. d4 d5 2. Nf3 Nf6 3. e3 e6 4. Bd3 Be7 5. O-O O-O 6. Nbd2 Nbd7 7. e4 dxe4 8.
Nxe4 Nxe4 9. Bxe4 c5 10. Be3 Nf6 11. Bd3 Nd5 12. c4 Nb4 13. Bb1 cxd4 14. Bxd4
Nc6 15. Qc2 g6 16. Bc3 Bf6 17. a3 e5 18. Qb3 Re8 19. Be4 Nd4 20. Bxd4 exd4 21.
Bd5 Rb8 22. Rad1 Bg4 23. Rd2 Qa5 24. Rd3 Bf5 25. Rdd1 d3 26. c5 Kg7 27. Qc4
Bxb2 28. Nd4 Bxd4 29. Qxd4+ Kg8 30. g4 Be6 31. Bxe6 Rxe6 32. Rxd3 Rbe8 33. h3
Re4 34. Qd5 Qc7 35. Rb3 R8e7 36. Rd1 Re2 37. Qd8+ Kg7 38. Qd4+ Qe5 39. Kg2 Qxd4
40. Rxd4 Rc2 41. Rd5 Rc7 42. Re5 Kf6 43. Rd5 Kg7 44. Re5 Kf6 45. Rd5 Kg7 46.
Kf1 Re7 47. Kg2 Rc7 48. Re5 1/2-1/2

[Event "Championnat de France - Open A"]
[Site "Pau"]
[Date "2008.08.12"]
[Round "1.44"]
[White "Guilbert, Jean-Louis"]
[Black "Veron, Cyprien"]
[Result "0-1"]
[WhiteElo "2003"]
[BlackElo "2098"]
[PlyCount "86"]

1. d4 d5 2. c4 c6 3. Nf3 Nf6 4. Nc3 e6 5. e3 Nbd7 6. Qc2 Bd6 7. b3 O-O 8. Be2
Qe7 9. O-O e5 10. cxd5 Nxd5 11. Nxd5 cxd5 12. dxe5 Nxe5 13. Bb2 Ng4 14. Rad1
Be6 15. h3 Nf6 16. Ng5 Rfc8 17. Qd3 h6 18. Nf3 Ba3 19. Bxa3 Qxa3 20. Qb1 Ne4
21. Rd4 Nc3 22. Qd3 Qxa2 23. Bd1 Nxd1 24. Rxd1 Rc2 25. Ne1 Rxf2 26. e4 Re8 27.
Qg3 Rb2 28. exd5 Rxb3 29. Qc7 Bf5 30. R4d2 Rxe1+ 31. Kf2 Rxd1 32. Rxa2 Rxd5 33.
Qb8+ Kh7 34. Qxa7 Be4 35. g4 Rxh3 36. Qb8 Rd1 37. Qe5 Bd5 38. Ra5 Rd2+ 39. Ke1
Rg2 40. Qf5+ g6 41. Qf1 Re3+ 42. Kd1 Bf3+ 43. Kc1 Rh2 0-1

[Event "Championnat de France - Open A"]
[Site "Pau"]
[Date "2008.08.12"]
[Round "1.46"]
[White "Cruz, Manuel"]
[Black "Lallement, Victor"]
[Result "0-1"]
[WhiteElo "2001"]
[BlackElo "2097"]
[PlyCount "80"]

1. e4 c5 2. d4 cxd4 3. c3 d5 4. Bb5+ Bd7 5. Bxd7+ Qxd7 6. exd5 Qxd5 7. Qf3 Qxf3
8. Nxf3 Nc6 9. Nxd4 Nxd4 10. cxd4 e6 11. O-O Nf6 12. Nc3 Be7 13. Re1 Rd8 14.
Be3 O-O 15. d5 Nxd5 16. Nxd5 Rxd5 17. Bxa7 Ra8 18. Be3 Bf6 19. Re2 Rxa2 20. Rc1
h6 21. g3 Rb5 22. Rc8+ Kh7 23. Bc1 Bd4 24. Kg2 b6 25. Rcc2 e5 26. h4 h5 27. Kh3
Kg6 28. Kg2 Rb3 29. Red2 f6 30. Re2 Kf5 31. Rcd2 b5 32. Rc2 Rb4 33. Red2 Ke6
34. Kf3 Rc4 35. Ke2 Kd5 36. f3 Ra1 37. Kd1 Kc5 38. Rd3 Bxb2 39. Rxb2 Raxc1+ 40.
Kd2 Rg1 0-1

[Event "Championnat de France - Open A"]
[Site "Pau"]
[Date "2008.08.12"]
[Round "1.47"]
[White "Manoeuvre, Antoine"]
[Black "Lamard, Guillaume"]
[Result "1/2-1/2"]
[WhiteElo "2095"]
[BlackElo "2001"]
[PlyCount "106"]

1. d4 d5 2. c4 c6 3. Nf3 Nf6 4. Nc3 e6 5. cxd5 exd5 6. Bg5 Be7 7. Qc2 O-O 8. e3
Nbd7 9. Bd3 Re8 10. O-O Nf8 11. Rab1 Ng6 12. b4 a6 13. a4 Ne4 14. Bxe7 Qxe7 15.
b5 axb5 16. axb5 Bg4 17. Ne1 Ra3 18. Nxe4 dxe4 19. Be2 Bxe2 20. Qxe2 c5 21. Nc2
Ra2 22. Qc4 Qe6 23. Qxe6 fxe6 24. Rbc1 b6 25. dxc5 bxc5 26. Na1 Rc8 27. Nb3 c4
28. Nd4 c3 29. Nc6 Rb2 30. Rxc3 Rxb5 31. Rfc1 Kf8 32. h3 Ne7 33. Nxe7 Rxc3 34.
Rxc3 Kxe7 35. Rc4 Re5 36. g4 Kf6 37. Kg2 g5 38. Kg3 h6 39. h4 gxh4+ 40. Kxh4
Kg6 41. Kg3 Kg5 42. Rc8 Rb5 43. Rg8+ Kf6 44. Kf4 Kf7 45. Rd8 Rb2 46. Kg3 Kf6
47. Rf8+ Kg6 48. Rf4 Rb4 49. Kh4 e5 50. Rf5 Rb5 51. Rh5 Ra5 52. g5 hxg5+ 53.
Rxg5+ Kf6 1/2-1/2

[Event "Championnat de France - Open A"]
[Site "Pau"]
[Date "2008.08.12"]
[Round "1.48"]
[White "Lambert, Thierry"]
[Black "Fejzovski, Ekrem"]
[Result "0-1"]
[WhiteElo "2000"]
[BlackElo "2093"]
[PlyCount "64"]

1. d4 c5 2. d5 e6 3. c4 b5 4. cxb5 a6 5. e4 axb5 6. Bxb5 Qa5+ 7. Nc3 Nf6 8.
dxe6 fxe6 9. Bd2 Bb7 10. Qe2 Qc7 11. Nf3 Nc6 12. h3 Nd4 13. Qd3 Nxb5 14. Nxb5
Qb6 15. Nc3 Ba6 16. Qc2 Be7 17. Be3 O-O 18. Nd2 d5 19. exd5 exd5 20. Bg5 Qe6+
21. Kd1 d4 22. Re1 Qf7 23. Nce4 d3 24. Qc3 Nd5 25. Qe5 Bxg5 26. Nxg5 Qd7 27.
Qe6+ Qxe6 28. Nxe6 Rxf2 29. Nxc5 Rxg2 30. Rc1 Nf4 31. a4 Nxh3 32. Rf1 Nf2+ 0-1

[Event "Championnat de France - Open A"]
[Site "Pau"]
[Date "2008.08.12"]
[Round "1.49"]
[White "Suez-Panama, Gilles"]
[Black "Billon, Olivier"]
[Result "0-1"]
[WhiteElo "2093"]
[BlackElo "1999"]
[PlyCount "80"]

1. d4 Nf6 2. Nf3 g6 3. c4 Bg7 4. Nc3 O-O 5. e4 d6 6. Be2 e5 7. O-O Nc6 8. d5
Ne7 9. b4 Nh5 10. Re1 f5 11. Ng5 Nf6 12. Bf3 c6 13. Be3 h6 14. Ne6 Bxe6 15.
dxe6 fxe4 16. Nxe4 Nxe4 17. Bxe4 d5 18. cxd5 cxd5 19. Bc2 d4 20. Bc1 Qb6 21.
Qd3 Rac8 22. Bd2 Kh7 23. Bb3 Nf5 24. Rad1 Nd6 25. Bd5 Rc7 26. a4 Re7 27. b5 e4
28. Qb3 d3 29. Be3 Bd4 30. a5 Qc5 31. a6 b6 32. Bxd4 Qxd4 33. Rf1 d2 34. Bc6
Nc4 35. Qh3 Nb2 36. Qh4 Rxe6 37. Qg3 Ref6 38. Bxe4 Nxd1 39. Qc7+ R8f7 40. Bxg6+
Kxg6 0-1

[Event "Championnat de France - Open A"]
[Site "Pau"]
[Date "2008.08.12"]
[Round "1.50"]
[White "Forgues, Valerie"]
[Black "Lemoine, Benoit"]
[Result "1-0"]
[WhiteElo "1999"]
[BlackElo "2092"]
[PlyCount "95"]

1. e4 c5 2. Nf3 d6 3. d4 cxd4 4. Nxd4 Nf6 5. Nc3 g6 6. Be2 Bg7 7. Be3 O-O 8.
O-O Nc6 9. Nb3 a5 10. f4 a4 11. Nd4 a3 12. Rb1 axb2 13. Rxb2 Qa5 14. Rb3 Nxd4
15. Bxd4 Qc7 16. e5 Nd7 17. exd6 Qxd6 18. Bxg7 Qxd1 19. Rxd1 Kxg7 20. Bf3 Ra7
21. Rdb1 Nc5 22. Rb5 Ne6 23. Re5 Rd8 24. g3 Rd2 25. Rb2 Nd4 26. Bg2 Be6 27. Ne4
Rd1+ 28. Kf2 f6 29. Rc5 f5 30. Ng5 Bxa2 31. Rc7 h6 32. Nf3 Kf6 33. Rb6+ e6 34.
Ne5 Rd2+ 35. Ke3 Re2+ 36. Kxd4 Ra4+ 37. Kd3 Rxe5 38. fxe5+ Kxe5 39. Rcxb7 g5
40. Rh7 Rd4+ 41. Kc3 Bd5 42. Bxd5 Rxd5 43. Rxh6 f4 44. gxf4+ gxf4 45. Rh5+ Ke4
46. Rxd5 Kxd5 47. Kd3 e5 48. Rb5+ 1-0

[Event "Championnat de France - Open A"]
[Site "Pau"]
[Date "2008.08.12"]
[Round "1.51"]
[White "Fievet, Patrick"]
[Black "Ane, Regis"]
[Result "1-0"]
[WhiteElo "2091"]
[BlackElo "1993"]
[PlyCount "91"]

1. e4 c5 2. Nf3 d6 3. Bb5+ Bd7 4. Bxd7+ Qxd7 5. O-O Nc6 6. c3 Nf6 7. Re1 e5 8.
d4 Be7 9. d5 Nd8 10. c4 O-O 11. Nc3 Ne8 12. Qd3 Bf6 13. Rb1 g6 14. Bh6 Bg7 15.
Bxg7 Nxg7 16. b4 cxb4 17. Rxb4 b6 18. Reb1 Nb7 19. Qe3 Rac8 20. Nd2 f5 21. Qh6
Nc5 22. exf5 Qxf5 23. Qe3 Qd7 24. Nde4 Nxe4 25. Nxe4 Nf5 26. Qh3 Qe7 27. a4 Rc7
28. Qg4 Nd4 29. g3 Kg7 30. a5 h5 31. Qd1 b5 32. cxb5 Qf7 33. Rxd4 exd4 34.
Qxd4+ Kh6 35. Qe3+ Kg7 36. Ng5 Qf5 37. Rd1 Qc2 38. Re1 Rcf7 39. Nxf7 Rxf7 40.
Qd4+ Kg8 41. Re8+ Rf8 42. Re7 Rf7 43. Rxf7 Kxf7 44. Qxa7+ Kf6 45. Qd4+ Kf5 46.
Qf4# 1-0

[Event "Championnat de France - Open A"]
[Site "Pau"]
[Date "2008.08.12"]
[Round "1.52"]
[White "Gras, Delphine"]
[Black "Cramer, Stephen"]
[Result "1/2-1/2"]
[WhiteElo "1993"]
[BlackElo "2090"]
[PlyCount "106"]

1. e4 e5 2. Nf3 Nc6 3. Bb5 a6 4. Bxc6 dxc6 5. O-O f6 6. d4 exd4 7. Nxd4 c5 8.
Nb3 Qxd1 9. Rxd1 Bd7 10. Be3 b6 11. Bf4 O-O-O 12. Nc3 Ne7 13. h4 Ng6 14. Bg3
Ne5 15. Nd5 Bd6 16. Nxb6+ cxb6 17. Rxd6 Nc4 18. Rd5 Bc6 19. Rxd8+ Rxd8 20. f3
Nxb2 21. Re1 c4 22. Nc1 Rd2 23. Re2 Rd1+ 24. Re1 Ba4 25. c3 Nd3 26. Rxd1 Bxd1
27. Nxd3 cxd3 28. Bf4 Kd7 29. Kf2 h6 30. Bd2 Kc6 31. Ke3 Be2 32. Kd4 Kb5 33. e5
fxe5+ 34. Kxe5 Ka4 35. Bc1 Kb5 36. Kf5 Bf1 37. g4 Bg2 38. Ke4 Kc4 39. Bd2 a5
40. Ke3 Bh3 41. Kf2 b5 42. Kg3 Bf1 43. f4 Kd5 44. f5 Ke5 45. Bf4+ Kf6 46. Be3
Be2 47. Kf4 Bd1 48. g5+ hxg5+ 49. hxg5+ Kf7 50. Ke5 Bc2 51. a3 Bb3 52. Kd4 a4
53. Kxd3 g6 1/2-1/2

[Event "Championnat de France - Open A"]
[Site "Pau"]
[Date "2008.08.12"]
[Round "1.54"]
[White "Millon, Valentin"]
[Black "Normand, Vincent"]
[Result "1-0"]
[WhiteElo "1991"]
[BlackElo "2090"]
[PlyCount "47"]
[EventDate "2008.??.??"]

1. e4 d5 2. exd5 Nf6 3. d4 Bg4 4. Bb5+ c6 5. dxc6 Qa5+ 6. Nc3 Nxc6 7. f3 Bf5 8.
Nge2 O-O-O 9. Bxc6 bxc6 10. b4 Qb6 11. Bf4 g5 12. Be5 Rg8 13. Na4 Qxb4+ 14. c3
Qb5 15. Qb3 Nd5 16. c4 Qxb3 17. axb3 Nb4 18. O-O Bd3 19. Nc5 Bxe2 20. Rxa7 Rd6
21. Rfa1 Nd3 22. Ra8+ Kc7 23. R1a7+ Kb6 24. Rb7# 1-0

[Event "Championnat de France - Open A"]
[Site "Pau"]
[Date "2008.08.12"]
[Round "1.55"]
[White "Duchateau, Thomas"]
[Black "Cheron, Stephane"]
[Result "1-0"]
[WhiteElo "2088"]
[BlackElo "1990"]
[PlyCount "29"]
[EventDate "2008.??.??"]

1. d4 d5 2. c4 c6 3. Nf3 Nf6 4. Nc3 Bf5 5. cxd5 cxd5 6. Qb3 b6 7. Ne5 e6 8. e4
dxe4 9. Bb5+ Nfd7 10. Bf4 g5 11. g4 Bxg4 12. Nxg4 h5 13. Be5 hxg4 14. Bxh8 a6
15. Qa4 1-0

[Event "Championnat de France - Open A"]
[Site "Pau"]
[Date "2008.08.12"]
[Round "1.57"]
[White "Jacquot, David"]
[Black "Rodon, Gurvan"]
[Result "1/2-1/2"]
[WhiteElo "2087"]
[BlackElo "1989"]
[PlyCount "89"]

1. d4 Nf6 2. Nf3 e6 3. Bg5 Be7 4. Nbd2 b6 5. e3 Bb7 6. Bd3 d6 7. O-O Nbd7 8. c3
O-O 9. Bf4 e5 10. dxe5 dxe5 11. Bxe5 Nxe5 12. Nxe5 Bd6 13. Ndf3 Re8 14. Nc4
Bxf3 15. gxf3 Bf8 16. Qe2 c5 17. f4 b5 18. Ne5 c4 19. Bc2 Bd6 20. Rad1 Qc7 21.
Ng4 Nxg4 22. Qxg4 a6 23. Rd5 Rad8 24. Rfd1 Be7 25. Rxd8 Rxd8 26. Rxd8+ Qxd8 27.
Qd1 Qxd1+ 28. Bxd1 b4 29. Be2 bxc3 30. bxc3 Bf6 31. Bxc4 a5 32. a4 Bxc3 33. Kg2
Kf8 34. Kf3 Ke7 35. Kg4 Kf6 36. e4 Bb2 37. e5+ Ke7 38. Kf3 Bc3 39. Ke4 Bb4 40.
f5 Bc3 41. f4 Bb4 42. Kf3 Bc3 43. h4 Bb2 44. h5 h6 45. Ke4 1/2-1/2

[Event "Championnat de France - Open A"]
[Site "Pau"]
[Date "2008.08.12"]
[Round "1.58"]
[White "Bornhauser, Eric"]
[Black "Kharmoudi, Slimane"]
[Result "0-1"]
[WhiteElo "1985"]
[BlackElo "2087"]
[PlyCount "94"]

1. e4 c5 2. Nf3 d6 3. d4 cxd4 4. Nxd4 Nf6 5. Nc3 g6 6. Be3 Bg7 7. f3 O-O 8. Qd2
Nc6 9. Bc4 Bd7 10. O-O-O Rc8 11. Bb3 Ne5 12. h4 h5 13. Bg5 Rc5 14. Kb1 b5 15.
g4 hxg4 16. h5 Nxh5 17. Nd5 Re8 18. Rxh5 gxh5 19. Qh2 gxf3 20. Qxh5 Bg4 21. Qh4
Qd7 22. Rh1 Bh3 23. Rxh3 f2 24. Rh1 Qg4 25. Qxg4 Nxg4 26. Nf5 e6 27. Nxd6 exd5
28. Nxe8 dxe4 29. Bxf7+ Kxf7 30. Nd6+ Kg6 31. Nxe4 Rxg5 32. Nxg5 Kxg5 33. Rf1
Bd4 34. c3 Bb6 35. Kc1 Nh2 36. Rxf2 Bxf2 37. Kd2 Bc5 38. Kd3 Nf3 39. Ke4 Nd2+
40. Kd3 Nc4 41. b3 Nd6 42. Kc2 Kf4 43. Kb2 Ke3 44. a4 a6 45. axb5 axb5 46. Kc2
Ke2 47. c4 b4 0-1